|
|
|
|
| LEADER |
00000nlm2a2200000 4500 |
| 001 |
645240 |
| 005 |
20231102025401.0 |
| 035 |
|
|
|a (RuTPU)RU\TPU\network\10324
|
| 090 |
|
|
|a 645240
|
| 100 |
|
|
|a 20151214a2015 k y0engy50 ba
|
| 101 |
0 |
|
|a eng
|
| 105 |
|
|
|a a z 100zy
|
| 135 |
|
|
|a drcn ---uucaa
|
| 181 |
|
0 |
|a i
|
| 182 |
|
0 |
|a b
|
| 200 |
0 |
|
|a Vol. 15 : Chemistry and Chemical Engineering in XXI century (CCE 2015)
|e XVI International Scientific Conference dedicated to Professor L.P. Kulyov, 25-29 May 2015, Tomsk, Russia
|f National Research Tomsk Polytechnic University (TPU) ; ed. E. I. Korotkova
|
| 203 |
|
|
|a Text
|c electronic
|
| 210 |
|
|
|d 2015
|
| 300 |
|
|
|a Title screen
|
| 333 |
|
|
|a Режим доступа: по договору с организацией-держателем ресурса
|
| 461 |
|
1 |
|0 (RuTPU)RU\TPU\network\3889
|t Procedia Chemistry
|v Vol. 15 : Chemistry and Chemical Engineering in XXI century (CCE 2015)
|
| 606 |
1 |
|
|a Химия
|2 stltpush
|3 (RuTPU)RU\TPU\subj\17362
|9 43035
|
| 606 |
1 |
|
|a Химическая технология, общая
|2 stltpush
|3 (RuTPU)RU\TPU\subj\30833
|9 53864
|
| 610 |
1 |
|
|a конференции
|
| 610 |
1 |
|
|a труды учёных ТПУ
|
| 610 |
1 |
|
|a электронный ресурс
|
| 675 |
|
|
|a 54(063)
|v 3
|
| 675 |
|
|
|a 66(063)
|v 3
|
| 702 |
|
1 |
|a Korotkova
|b E. I.
|c chemist
|c Professor of Tomsk Polytechnic University, Doctor of chemical science
|f 1965-
|g Elena Ivanovna
|2 stltpush
|3 (RuTPU)RU\TPU\pers\31278
|4 340
|
| 712 |
0 |
2 |
|a National Research Tomsk Polytechnic University (TPU)
|2 stltpush
|3 (RuTPU)RU\TPU\col\18773
|
| 712 |
1 |
2 |
|a Chemistry and Chemical Engineering in XXI century
|c International Scientific Conference
|d 16
|e Tomsk
|f 2015
|
| 801 |
|
2 |
|a RU
|b 63413507
|c 20171012
|g RCR
|
| 856 |
4 |
|
|u http://www.sciencedirect.com/science/journal/18766196/15/supp/C
|
| 942 |
|
|
|c CF
|